The story and its writer : an introduction to short fiction /
Saved in:
| Other Authors: | |
|---|---|
| Format: | Book |
| Language: | English |
| Published: |
Boston :
Bedford/St. Martin's,
c1999.
|
| Edition: | 5th ed. |
| Subjects: | |
| Tags: |
Add Tag
No Tags, Be the first to tag this record!
|
| LEADER | 01209nam a2200277 a 4500 | ||
|---|---|---|---|
| 001 | 008409475-3 | ||
| 005 | 20020606104010.5 | ||
| 008 | 990128s1999 mau b 000 0 eng | ||
| 010 | |a 98085190 | ||
| 020 | |a 0312171587 (pbk.) | ||
| 035 | 0 | |a ocm39917976 | |
| 040 | |a DLC |c DLC | ||
| 050 | 0 | 0 | |a PN6120.2 |b .S85 1999 |
| 082 | 0 | 0 | |a 808.83/1 |2 21 |
| 245 | 0 | 4 | |a The story and its writer : |b an introduction to short fiction / |c [edited by] Ann Charters. |
| 250 | |a 5th ed. | ||
| 260 | |a Boston : |b Bedford/St. Martin's, |c c1999. | ||
| 300 | |a xxviii, 1748 p. ; |c 24 cm. | ||
| 504 | |a Includes bibliographical references. | ||
| 505 | 1 | |a Introduction: the story and its writer -- Part One: Stories -- Part Two: Commentaries -- Part Three: Casebooks -- Raymond Carver -- Sandra Cisneros -- Flannery O'Connor -- Fiction into film -- Part Four: Appendices -- A brief history of the short story -- The elements of fiction -- Writing about short stories -- Glossary of literary terms -- Chronological listing of authors and stories -- Short stories on film and video. | |
| 650 | 0 | |a Short stories. | |
| 650 | 0 | |a Short story. | |
| 655 | 7 | |a Short stories. |2 lcgft | |
| 700 | 1 | |a Charters, Ann. | |
| 988 | |a 20020608 | ||
| 906 | |0 DLC | ||


